| 000 -LEADER | |
|---|---|
| fixed length control field | 00455nam a22001697a 4500 |
| 005 - DATE AND TIME OF LATEST TRANSACTION | |
| control field | 20200318151321.0 |
| 008 - FIXED-LENGTH DATA ELEMENTS--GENERAL INFORMATION | |
| fixed length control field | 200318b xxu||||| |||| 00| 0 eng d |
| 020 ## - INTERNATIONAL STANDARD BOOK NUMBER | |
| ISBN | 9788123914251 |
| 041 ## - LANGUAGE CODE | |
| Language code of text/sound track or separate title | eng |
| 082 ## - DEWEY DECIMAL CLASSIFICATION NUMBER | |
| Classification number | 615 |
| 100 ## - MAIN ENTRY--AUTHOR NAME | |
| Personal name | SHARMA,VARUN DUTT |
| 245 ## - TITLE STATEMENT | |
| Title | PHARMACOLOGY AND TOXICOLOGY PRACTICAL |
| Statement of responsibility, etc | VERUN DUTT SHARMA |
| 250 ## - EDITION STATEMENT | |
| Edition statement | 1'ST |
| 260 ## - PUBLICATION, DISTRIBUTION, ETC. (IMPRINT) | |
| Place of publication | NEW DELHI |
| Name of publisher | CBS PUBLISHERS AND DISTRIBUTORS |
| Year of publication | 2019 |
| 650 ## - SUBJECT ADDED ENTRY--TOPICAL TERM | |
| Topical Term | PHARMACY |
| 942 ## - ADDED ENTRY ELEMENTS (KOHA) | |
| Koha item type | Books |
| Lost status | Damaged status | Collection code | Home library | Current library | Shelving location | Date acquired | Source of acquisition | Cost, normal purchase price | Full call number | Accession Number | Koha item type |
|---|---|---|---|---|---|---|---|---|---|---|---|
| Reference | JRU Library | JRU Library | SHELF 9 - A | 18/03/2020 | PURCHASE | 295.00 | 615 | 23811 | Books | ||
| PHARMACY | JRU Library | JRU Library | Shelf - 27- B | 18/03/2020 | PURCHASE | 295.00 | 615 | 23812 | Books |